000 01909nam0a22003251 4500
001 rc\4591917
005 20250612125120.0
021 _aRU
_b[63-97676]
035 _a(NLR Aleph) 008661992
090 _a9067115
_c9067115
100 _a20130416d1963 |||y0rusy50 ca
101 1 _arus
_ceng
102 _aRU
105 _ay z |||||
200 1 _aМетоды разработки программ экономического развития (применительно к странам Азии и Дальнего Востока)
_eДоклад первой группы экспертов по методам программирования
_fПер. с англ. Е.Н. Сергеевой
_gПод ред. С.С. Шаталина
_gВступит. статья С.С. Шаталина и Ю.М. Швыркова
210 _aМосква
_cИзд. иностр. лит.
_d1963
215 _a181 с.
_d21
300 _aДоп. тит. л.: Programming techniques for economic development. With special reference to Asia and the Far East. Report of the first group of experts on programming techn. Bangkok, United nations economic commis. for Asia and the Far East, 1960. (Development programming techn. series. № 1)
320 _aБиблиогр.: с. 176-178 (31 назв.)
513 0 _aProgramming techniques for economic development. With special reference to Asia and the Far East
606 _aЛинейное программирование (экон.)
_2psbo
606 _aПланирование народного хозяйства в слаборазвитых странах
_xМатематические методы
_2psbo
702 1 _aШаталин
_bС.С.
_4340
_4080
702 1 _aСергеева
_bЕ.Н.
_4730
702 1 _aШвырков
_bЮ.М.
_4080
801 0 _aRU
_bNLR
_gpsbo
801 1 _aRU
_bELAR
_2rusmarc
852 _aNLR
_j64-3/245
942 _cBOOK
980 _aNB